[Event "Ortigueira op 3rd"]
[Site "Ortigueira"]
[Date "2004.08.??"]
[Round "3"]
[White "Villar Nieves, Antonio"]
[Black "Carraminana Lopez, Luis Antonio"]
[Result "1-0"]
[WhiteElo "2214"]
[BlackElo "2051"]
[PlyCount "65"]
[EventDate "2004.08.03"]
[EventType "swiss"]
[EventRounds "9"]
[EventCountry "ESP"]
[SourceTitle "CBM 101 Extra"]
[Source "ChessBase"]
[SourceDate "2004.09.01"]
[SourceVersion "2"]
[SourceVersionDate "2004.09.01"]
[SourceQuality "1"]

1. e4 e6 2. d4 d5 3. e5 c5 4. c3 Nc6 5. Nf3 Qb6 6. a3 Nh6 7. b4 cxd4 8. cxd4 Nf5 9. Bb2 Bd7 10. Be2 Rc8 11. 0-0 Be7 12. Qd2 h5 13. Rd1 g5 14. Bc3 a6 15. Ra2 g4 16. Ne1 Rg8 17. Nc2 h4 18. b5 axb5 19. Rb2 g3 20. f4 gxh2+ 21. Kxh2 Ng3 22. Bf3 Bd8 23. a4 Na5 24. Nba3 Nc4 25. Nxc4 Rxc4 26. axb5 Qc7 27. Bb4 Bxb5 28. Na3 Ba4 29. Rdb1 Rc6 30. Bd6 Qc8 31. Qb4 b5 32. Nxb5 Bxb5 33. Qxb5 1-0

[Event "Pedrido op"]
[Site "Pedrido"]
[Date "2003.??.??"]
[Round "2"]
[White "Villar Nieves, Antonio"]
[Black "Pecorelli Garcia, Humberto"]
[Result "0-1"]
[WhiteElo "2048"]
[BlackElo "2451"]
[PlyCount "66"]
[EventDate "2003.??.??"]
[EventType "swiss"]
[EventRounds "9"]
[EventCountry "ESP"]
[SourceTitle "EXT 2005"]
[Source "ChessBase"]
[SourceDate "2004.11.15"]
[SourceVersion "1"]
[SourceVersionDate "2004.11.15"]
[SourceQuality "1"]

1. e4 e6 2. d4 d5 3. e5 c5 4. c3 Nc6 5. Nf3 Bd7 6. a3 Rc8 7. b4 cxd4 8. cxd4 Nge7 9. Bb2 Nf5 10. Nc3 Nh4 11. Na2 Nxf3+ 12. Qxf3 Qb6 13. Qe3 Na5 14. Rc1 Nc4 15. Qb3 Be7 16. Bxc4 dxc4 17. Rxc4 Rxc4 18. Qxc4 0-0 19. Nc3 Rc8 20. Qd3 a5 21. b5 Qc7 22. Kd2 Be8 23. h4 Rd8 24. Ne4 a4 25. Ng5 g6 26. f4 Qa5+ 27. Bc3 Qxb5 28. Qh3 h5 29. g4 Bxa3 30. gxh5 Bb4 31. hxg6 Rxd4+ 32. Kc2 Bxc3 33. gxf7+ Bxf7 0-1